000 01484nam a22003255a 4500
001 16905646
003 OSt
005 20150408114028.0
008 110805s2012 njua 001 0 eng
010 _a 2011453942
020 _a9780135112267
020 _a0135112265
035 _a(OCoLC)ocn730255548
040 _aNHA
_cNHA
_dDLC
042 _alccopycat
082 _221
100 1 _aWeixel, Suzanne.
_912262
245 1 0 _aLearning Microsoft Word 2010 /
_cSuzanne Weixel, Faithe Wempen
260 _aUpper Saddle River, N.J. :
_bPearson/Prentice Hall,
_cc2012.
300 _avi, 613 p. :
_bill. ;
_c28 cm. +
_e1 CD-ROM (4 3/4 in.)
500 _a"CD-ROM includes complete data files for projects, Microsoft Office basic chapter, and Microsoft Office glossary"--P.1 of cover.
500 _aTitle on CD-ROM: Student data files.
500 _aIncludes index.
505 0 _aGetting started with Microsoft Word 2010 -- Editing documents and working with tables -- Creating reports and newsletters -- Learning more about merge, exploring the World Wide Web -- Using advanced lists and charts -- Using reusable content and markup tools -- Using advanced tables and graphics -- Protecting documents and forms -- Working with long documents -- Embedding and linking objects and using macros.
630 0 0 _aMicrosoft Word.
_94250
650 0 _aWord processing.
700 1 _aWempen, Faithe.
_912263
942 _2ddc
_cBOOK
999 _c22543
_d257043